Rendhagyó angolóra

Bibliographic Details
Format: Article
Language:Hungarian
Slovak
PhysicalDescription:Fotogr.
ISSN:1338-9068
Subjects:

MARC

LEADER 00000nab a2200000 a 4500
001 vtls011738013
003 SK-MaSNL
005 20260426063957.0
008 180122|2018 xo m| 000 02hun
015 |a SNBRB2018/01 
038 |a DSZK 
040 |a DSZK  |b slo  |c DSZK  |e AACR2 
041 0 |a hun  |a slo 
044 |a xo  |c SK 
080 |a 37.011.3-051  |x (41)  |2 2011 
080 |a 373.3  |x (=511.141)  |x (437.612)  |2 2011 
080 |a 811.111  |2 2011 
245 0 0 |a Rendhagyó angolóra  |c [szerző] (corvin) 
300 |b Fotogr. 
546 |a Dvojjazyčné vydanie 
600 1 7 |a Andrews, Mark  |2 dszk  |9 1291984 
610 2 7 |a Základná škola Mateja Korvína s vyučovacím jazykom maďarským (Šamorín, Slovensko)  |2 dszk  |9 1194116 
650 0 7 |a lektori (vzdelávanie)  |2 dszk  |9 31766 
650 0 7 |a angličtina  |2 dszk  |9 1260 
650 0 7 |a prednášky  |2 dszk  |9 50071 
651 7 |a Šamorín (Slovensko)  |2 SNKPH  |9 28925 
773 0 |t Somorja és vidéke=Šamorín a okolie  |g Évf. XXVIII, sz. 1 (2018), o. 6  |x 1338-9068 
852 |a DSZK  |b KIS3GCP 
958 |a SK 
958 |a HU 
999 |c 2571308  |d 2573238